| 000 | 00381nam a22000977a 4500 | ||
|---|---|---|---|
| 008 | 171211b xxu||||| |||| 00| 0 eng d | ||
| 100 | _aMagyar Filatelia Vallalat | ||
| 245 | _aMagyar belyegek arjegyzeke ( Price list of the Hungarian stamps ) | ||
| 260 |
_aBudapest _bMagyar Filatelia Vallalat _c1984 |
||
| 650 | _aHungary (1871-) | Catalogs and Price Lists | Austro-Hungarian Empire Austria | ||
| 999 |
_c2578 _d2578 |
||